000 00595nam a22001937a 4500
005 20251108164055.0
008 250721s1998 xx 000 0 ara d
082 1 4 _a155/ابر
100 1 _aإبراهيم، فيوليت فؤاد
245 1 0 _aدراسات في سيكولوجية النمو /
264 1 _aالقاهرة :
_bمكتبة زهراء الشرق،
_c1998.
300 _a285ص
650 1 7 _aسيكولوجية النمو
650 1 7 _aالطفولة
650 1 7 _aالمراهقة
700 1 _aسليمان، عبد الرحمن سيد
942 _2ddc
_cBK
999 _c2950
_d2950